000 00435 a2200169 4500
003 Nust
005 20170207164906.0
040 _cNust
082 _a005.1
100 _aNC Abbas, Zainab BESE-15
245 _aSmart classroom (Hard / Soft-copy)
_cNC Zainab Abbas & Nc Ramsha Khan
260 _aRawalpindi
_bNUST, MCS
_cJune 2013
300 _aix,32p
538 _aAlmirah No 72 Shelf No 2
650 _asmart classroom
651 _aBESE-15
942 _cREF
999 _c210237
_d210237